[Event "Budapest FS02 Development"]
[Site "Budapest"]
[Date "2019.02.06"]
[Round "5"]
[White "Tolgyesi, Tibor"]
[Black "Szurkos, Andras"]
[Result "0-1"]
[WhiteElo "1525"]
[BlackElo "1671"]
[PlyCount "52"]
[EventDate "2019.02.02"]
[EventType "tourn"]
[EventRounds "10"]
[EventCountry "HUN"]
[SourceTitle "CBM 189 Extra"]
[Source "ChessBase"]
[SourceDate "2019.06.03"]
[SourceVersion "1"]
[SourceVersionDate "2019.06.03"]
[SourceQuality "1"]

1. d4 d5 2. c4 e5 3. e3 exd4 4. exd4 Nf6 5. cxd5 Qxd5 6. Nf3 Bb4+ 7. Nc3 0-0 8. Bd2 Re8+ 9. Be2 Bxc3 10. bxc3 Qe4 11. Be3 Nd5 12. Bd3 Nxe3 13. fxe3 Qxe3+ 14. Be2 Qxc3+ 15. Kf1 Qe3 16. Qd3 Bg4 17. Qxe3 Rxe3 18. Kf2 Ra3 19. Rhc1 c6 20. h3 Be6 21. Ne5 Rxa2 22. Rab1 a6 23. Ke3 Bd5 24. g4 f6 25. Nc4 Nd7 26. Rb2 Re8+ 0-1